00624nam a2200169 a 450000100060000000300090000600800410001504000280005608200160008410000530010024501090015326000630026230000110032565000310033665000420036765000450040917906CO-ViMGA141112s2004 ck r 000 u spa d aCO-ViMGAbspacCO-ViMGA04a333.7 R637g1 aRodriguez - Becerra, Manuel; Espinoza, Guillermo10aGestión ambiental en América Latina y el Caribe . Evolución , tendencias y principales prácticas aWashington, cBanco InterAméricano de desarrollo, c2002 a285.p.14aGESTION AMBIENTAL - CARIBE14aGESTION AMBIENTAL EN América LATINA14aPolítica AMBIENTAL EN América LATINA